| 000 | 00477nam a22001451a 4500 | ||
|---|---|---|---|
| 020 | _a9780195638684 | ||
| 082 |
_a954 _bPAR/T |
||
| 245 |
_aTowards freedom : _bdocuments on the movement for independence in India 1943-1944 (part 3)/ _cby Partha Sarathi Gupta (ed.) |
||
| 260 |
_aNew Delhi: _bOxford University Press, _c1997. |
||
| 300 | _a2207-3517P. | ||
| 650 |
_aHistory India _992021 |
||
| 650 |
_aHistory _992022 |
||
| 700 |
_aPartha Sarathi Gupta (ed.) _992023 |
||
| 942 | _cREF | ||
| 999 |
_c47364 _d47364 |
||